|
|
|
|
| LEADER |
01996nam a2200373 a 4500 |
| 001 |
26171 |
| 003 |
BD-DhAAL |
| 008 |
121015s2012 ne a b 001 0 eng d |
| 999 |
|
|
|c 12923
|d 12923
|
| 010 |
|
|
|a 2011010880
|
| 020 |
|
|
|a 9780123849397
|
| 020 |
|
|
|a 012384939X
|
| 040 |
|
|
|a DLC
|c DLC
|d YDX
|d YDXCP
|d BWX
|d CUI
|d CDX
|d DLC
|d BD-DhAAL
|
| 082 |
0 |
0 |
|a 579.2
|2 22
|
| 100 |
1 |
|
|a Cann, Alan.
|9 44962
|
| 245 |
1 |
0 |
|a Principles of molecular virology /
|c Alan J. Cann.
|
| 250 |
|
|
|a 5th ed.
|
| 260 |
|
|
|a Amsterdam :
|b Elsevier ;
|a Waltham, MA :
|b Academic Press,
|c c2012.
|
| 300 |
|
|
|a ix, 303 p. :
|b ill. (some col.) ;
|c 24 cm.
|
| 504 |
|
|
|a Includes bibliographical references and index.
|
| 541 |
1 |
|
|e 00026171
|
| 650 |
|
0 |
|a Molecular virology.
|9 44963
|
| 650 |
|
2 |
|a Virus Physiological Phenomena.
|9 44964
|
| 650 |
|
2 |
|a Gene Expression Regulation, Viral.
|9 44965
|
| 650 |
|
2 |
|a Genome, Viral.
|9 44966
|
| 650 |
|
2 |
|a Viruses
|x genetics.
|9 44967
|
| 650 |
|
2 |
|a Pharmacy.
|9 44968
|
| 852 |
1 |
|
|a Ayesha Abed Library
|c General Stacks
|
| 942 |
|
|
|2 ddc
|c BK
|
| 952 |
|
|
|0 0
|1 0
|4 0
|6 579_200000000000000_CAN
|7 0
|9 21343
|a BRACUL
|b BRACUL
|c GEN
|d 2012-10-15
|e TrimEducation
|g 4975.00
|l 9
|m 88
|o 579.2 CAN
|p 3010026171
|r 2025-12-08
|s 2025-10-15
|t 1
|w 2012-10-15
|y BK
|
| 952 |
|
|
|0 0
|1 0
|4 0
|6 579_200000000000000_CAN
|7 0
|9 21344
|a BRACUL
|b BRACUL
|c GEN
|d 2012-10-15
|e TrimEducation
|g 4975.00
|l 14
|m 61
|o 579.2 CAN
|p 3010026172
|q 2026-05-20
|r 2026-01-20
|s 2026-01-20
|t 2
|w 2012-10-15
|y BK
|
| 952 |
|
|
|0 0
|1 0
|4 0
|6 579_200000000000000_CAN
|7 0
|9 21345
|a BRACUL
|b BRACUL
|c GEN
|d 2012-10-15
|e TrimEducation
|g 4976.00
|l 14
|m 124
|o 579.2 CAN
|p 3010026173
|q 2026-06-02
|r 2026-02-19
|s 2026-02-19
|t 3
|w 2012-10-15
|y BK
|
| 952 |
|
|
|0 0
|1 0
|4 0
|6 579_200000000000000_CAN
|7 0
|9 21346
|a BRACUL
|b BRACUL
|c GEN
|d 2012-10-15
|e TrimEducation
|g 4976.00
|l 12
|m 107
|o 579.2 CAN
|p 3010026174
|r 2026-04-19
|s 2026-02-02
|t 4
|w 2012-10-15
|y BK
|
| 952 |
|
|
|0 0
|1 0
|4 0
|6 579_200000000000000_CAN
|7 0
|9 21347
|a BRACUL
|b BRACUL
|c GEN
|d 2012-10-15
|e TrimEducation
|g 4976.00
|l 15
|m 177
|o 579.2 CAN
|p 3010026175
|r 2026-01-11
|s 2025-06-24
|t 5
|w 2012-10-15
|y BK
|